Wastage, Stagnation and inequality of opportunity in rural primary education: a case study of Andhra Pradesh (Record no. 494641)

000 -LEADER
fixed length control field 00463cam a22001097a 4500
008 - FIXED-LENGTH DATA ELEMENTS--GENERAL INFORMATION
fixed length control field 180718b1987 xxu||||| |||| 00| 0 eng d
082 ## - DEWEY DECIMAL CLASSIFICATION NUMBER
Classification number P422x5451 In2
245 ## - TITLE STATEMENT
Title Wastage, Stagnation and inequality of opportunity in rural primary education: a case study of Andhra Pradesh
Statement of responsibility, etc. by Department of Education, India
260 ## - PUBLICATION, DISTRIBUTION, ETC.
Place of publication, distribution, etc. New Delhi
Name of publisher, distributor, etc. Department of Education
Date of publication, distribution, etc. 1987
300 ## - PHYSICAL DESCRIPTION
Extent 83p
700 ## - ADDED ENTRY--PERSONAL NAME
Personal name India. Ministry of Human Resource Development. Department of Education
Holdings
Withdrawn status Lost status Damaged status Not for loan Permanent Location Current Location Date acquired Full call number Barcode Date last seen Price effective from Koha item type
        Indian Institute of Public Administration Indian Institute of Public Administration 2018-08-04 P422x5451 In2 GG20785 2018-08-04 2018-08-04 GG

Powered by Koha